[Event "IX Floripa Chess Open Fort Atacadista"]
[Site "Florianópolis - Santa Catari"]
[Date "2023.01.27"]
[Round "7.70"]
[White "Goncalves, Nata"]
[Black "Cardoso, Maria Paula Da Silv"]
[Result "1-0"]
[WhiteElo "2013"]
[BlackElo "1511"]
[PlyCount "119"]
[EventDate "2023.01.23"]
[EventRounds "10"]
[EventCountry "BRA"]

1. d4 Nf6 2. c4 e6 3. Nf3 d5 4. Nc3 Nbd7 5. Bf4 c6 6. e3 Be7 7. Bd3 dxc4 8.
Bxc4 Nd5 9. Bg3 Qa5 10. Qd2 N7b6 11. Bd3 O-O 12. O-O Nxc3 13. bxc3 c5 14. Qc2
h6 15. Rab1 Nd5 16. Rfc1 cxd4 17. cxd4 Bd7 18. Rxb7 Rfc8 19. Qd1 Ba4 20. Qf1
Bc6 21. Rbb1 Nb4 22. Ne5 Bd5 23. Bc4 Be4 24. Rb3 Nd5 25. f3 Bh7 26. Rb5 Qa3 27.
Rb3 Qxa2 28. Rb7 Qa3 29. Ra1 Qxe3+ 30. Bf2 Qg5 31. h4 Qf6 32. Ng4 Qf5 33. Bxd5
Bxh4 34. Be4 Bxf2+ 35. Qxf2 Qf4 36. Bxh7+ Kxh7 37. Qe3 Qxe3+ 38. Nxe3 Rc3 39.
Kf2 Kg8 40. Raxa7 Rxa7 41. Rxa7 Rd3 42. Ra4 Kf8 43. Ng4 Rd2+ 44. Kg3 f6 45. Ne3
Kf7 46. Kf4 Re2 47. g4 g5+ 48. Ke4 Kg6 49. Ra6 Kf7 50. Ra7+ Kg6 51. Re7 f5+ 52.
Kd3 Rb2 53. Rxe6+ Kf7 54. Rxh6 Rb3+ 55. Ke2 Rb2+ 56. Ke1 f4 57. Nf5 Rb1+ 58.
Ke2 Rb2+ 59. Kd3 Rb3+ 60. Ke4 1-0

[Event "IX Floripa Chess Open Fort Atacadista"]
[Site "Florianópolis - Santa Catari"]
[Date "2023.01.27"]
[Round "7.71"]
[White "De Melo, Jailson Jose"]
[Black "De Siqueira, Luigy Lira"]
[Result "0-1"]
[WhiteElo "1929"]
[BlackElo "2011"]
[PlyCount "166"]
[EventDate "2023.01.23"]
[EventRounds "10"]
[EventCountry "BRA"]

1. e4 e5 2. Nf3 Nc6 3. Bb5 a6 4. Ba4 Nf6 5. O-O Nxe4 6. d4 b5 7. Bb3 d5 8. dxe5
Be6 9. Nbd2 Nc5 10. c3 d4 11. Bxe6 Nxe6 12. cxd4 Ncxd4 13. a4 Be7 14. Nxd4 Qxd4
15. axb5 Qxe5 16. bxa6 O-O 17. Nf3 Qb5 18. Qa4 Qxa4 19. Rxa4 Nc5 20. Ra5 Rxa6
21. Rxa6 Nxa6 22. Be3 Bf6 23. Bd4 Bxd4 24. Nxd4 Rb8 25. Rb1 g6 26. Kf1 Nc5 27.
Rc1 Nd3 28. Rxc7 Rxb2 29. Rc2 Rb4 30. Nc6 Rb1+ 31. Ke2 Ne1 32. Rc4 Nxg2 33. Kf3
Ne1+ 34. Ke2 Kg7 35. Nd8 Rb8 36. Kxe1 Rxd8 37. Ke2 Rd5 38. Kf3 Rg5 39. Rc7 Rf5+
40. Kg3 Kh6 41. Rb7 Kh5 42. Ra7 h6 43. Ra4 g5 44. f3 Rf6 45. Ra5 Rf4 46. Ra6
Rf5 47. Rb6 f6 48. Ra6 Rf4 49. Rb6 Kg6 50. Rb5 h5 51. h3 Rd4 52. Kg2 Rd2+ 53.
Kg1 Re2 54. Ra5 Re5 55. Ra4 Kf5 56. Kf2 Rc5 57. Rb4 Rc2+ 58. Kg1 Rd2 59. Ra4
Ke5 60. Re4+ Kd5 61. Ra4 h4 62. Rb4 Rd4 63. Rb5+ Kc6 64. Ra5 Kb6 65. Ra8 Kb5
66. Rf8 Rf4 67. Kg2 Kc4 68. Rc8+ Kd3 69. Rd8+ Ke3 70. Re8+ Kd4 71. Rd8+ Ke5 72.
Re8+ Kf5 73. Ra8 Rb4 74. Rf8 Rb2+ 75. Kg1 Kf4 76. Rxf6+ Kg3 77. Kf1 Rf2+ 78.
Kg1 Rxf3 79. Rg6 Rf5 80. Rg7 Rb5 81. Kf1 Kxh3 82. Kg1 Kg3 83. Kf1 h3 0-1

[Event "IX Floripa Chess Open Fort Atacadista"]
[Site "Florianópolis - Santa Catari"]
[Date "2023.01.27"]
[Round "7.72"]
[White "Ferreira, Andrei Dias"]
[Black "Ribeiro, Dionatan Lua Franze"]
[Result "1/2-1/2"]
[WhiteElo "2011"]
[BlackElo "1800"]
[PlyCount "98"]
[EventDate "2023.01.23"]
[EventRounds "10"]
[EventCountry "BRA"]

1. e4 c5 2. Nf3 Nc6 3. d4 cxd4 4. Nxd4 Nf6 5. Nc3 e6 6. Ndb5 d6 7. Bf4 e5 8.
Bg5 a6 9. Na3 b5 10. Nd5 Be7 11. Bxf6 gxf6 12. g3 Be6 13. c3 Bf8 14. Qd3 Bxd5
15. Qxd5 Ne7 16. Qd2 d5 17. Nxb5 Qb6 18. Na3 Rd8 19. Qc2 dxe4 20. Qa4+ Nc6 21.
Nc4 Qc5 22. Na5 Qxa5 23. Qxc6+ Ke7 24. Qxa6 Qd5 25. Qa7+ Rd7 26. Qe3 h5 27. Bg2
f5 28. O-O Bh6 29. Qe2 Bd2 30. h4 Qd3 31. Qxd3 exd3 32. Rfd1 Bh6 33. Bc6 Rd6
34. Bb5 e4 35. a4 d2 36. a5 e3 37. a6 Rb6 38. Be2 Ra8 39. fxe3 Bxe3+ 40. Kg2
Rxb2 41. Rab1 Rc2 42. Rb7+ Kf6 43. Rc7 Ra7 44. Rc6+ Ke5 45. Kf3 f4 46. Ra1 Kd5
47. Rh6 Rxc3 48. Rxh5+ Kd6 49. Rd1 fxg3 1/2-1/2

[Event "IX Floripa Chess Open Fort Atacadista"]
[Site "Florianópolis - Santa Catari"]
[Date "2023.01.27"]
[Round "7.73"]
[White "Ribeiro, Davison Soares"]
[Black "Urquiza, Marcello De Albuque"]
[Result "1/2-1/2"]
[WhiteElo "1800"]
[BlackElo "2007"]
[PlyCount "145"]
[EventDate "2023.01.23"]
[EventRounds "10"]
[EventCountry "BRA"]

1. c4 c6 2. Nf3 d5 3. d4 Nf6 4. g3 Bf5 5. Bg2 e6 6. O-O Be7 7. Qb3 Qb6 8. c5
Qxb3 9. axb3 Nbd7 10. b4 a6 11. Nbd2 Bd8 12. Nb3 Bc7 13. Nh4 Bc2 14. Ra3 h6 15.
Bd2 O-O 16. Na5 Rab8 17. Rc1 Bh7 18. Bf1 e5 19. e3 Rfe8 20. Rca1 exd4 21. exd4
g5 22. Ng2 Bf5 23. Ne3 Be6 24. Bd3 Ne4 25. Be1 g4 26. Nxc6 bxc6 27. Rxa6 Rbc8
28. Rxc6 Nb8 29. Rxe6 fxe6 30. Nxg4 h5 31. Bxe4 hxg4 32. Bg6 Re7 33. b5 Rf8 34.
Bb4 Rg7 35. Bd3 Rf3 36. Be2 Rb3 37. Bc3 Nd7 38. Ra8+ Nf8 39. Bd1 Rxb5 40. b4
Rb8 41. Ra6 Kf7 42. Bc2 Kf6 43. Bb3 Ke7 44. Bd1 Nd7 45. Be2 Kd8 46. b5 Ke7 47.
Bb4 Kf6 48. Kg2 Rgg8 49. Ra7 Rgc8 50. Bxg4 Rxb5 51. Bd2 Nb8 52. h4 Nc6 53. Ra4
Re8 54. Bg5+ Kg6 55. f4 Rb4 56. h5+ Kh7 57. Ra6 Nxd4 58. Ra7 Nb5 59. Rb7 Rb8
60. Rxb8 Bxb8 61. Bxe6 Nc7 62. Bf5+ Kg8 63. h6 Ne8 64. Be6+ Kh8 65. Bxd5 Ba7
66. Be7 Rb2+ 67. Kh3 Kh7 68. f5 Kxh6 69. f6 Nxf6 70. Bxf6 Re2 71. c6 Bb8 72.
Bd4 Kg6 73. Bb6 1/2-1/2

[Event "IX Floripa Chess Open Fort Atacadista"]
[Site "Florianópolis - Santa Catari"]
[Date "2023.01.27"]
[Round "7.74"]
[White "Ribeiro, Regina"]
[Black "Villalba, Marcelo"]
[Result "0-1"]
[WhiteElo "1842"]
[BlackElo "2269"]
[PlyCount "64"]
[EventDate "2023.01.23"]
[EventRounds "10"]
[EventCountry "BRA"]

1. Nf3 g6 2. d4 Bg7 3. e4 c5 4. Nc3 cxd4 5. Nxd4 Nc6 6. Be3 Nf6 7. Be2 O-O 8.
Qd2 d5 9. exd5 Nxd5 10. Nxd5 Nxd4 11. Bxd4 Qxd5 12. Bxg7 Qxg2 13. O-O-O Kxg7
14. Qe3 Qc6 15. Bf3 Qa4 16. Bd5 Bf5 17. Bb3 Qh4 18. Rd4 Qh6 19. f4 Qh4 20. Bd5
Rac8 21. c3 b5 22. Re1 Rfe8 23. Re2 a5 24. Be4 Rc5 25. Rdd2 Rec8 26. Bd5 Qf6
27. Qxe7 Rxc3+ 28. bxc3 Qxc3+ 29. Rc2 Qa1+ 30. Kd2 Rxc2+ 31. Ke3 Qc3+ 32. Kf2
Rxe2+ 0-1

[Event "IX Floripa Chess Open Fort Atacadista"]
[Site "Florianópolis - Santa Catari"]
[Date "2023.01.27"]
[Round "7.75"]
[White "Aranha Filho, Alvaro Z."]
[Black "Vieira, Jose Renato Braga S"]
[Result "1-0"]
[WhiteElo "2171"]
[BlackElo "1828"]
[PlyCount "89"]
[EventDate "2023.01.23"]
[EventRounds "10"]
[EventCountry "BRA"]

1. d4 d5 2. c4 c6 3. Nf3 Nf6 4. Nc3 e6 5. Bg5 Nbd7 6. e3 h6 7. Bh4 Be7 8. Rc1
O-O 9. Bd3 dxc4 10. Bxc4 b5 11. Bd3 a6 12. O-O c5 13. Bxf6 Nxf6 14. dxc5 Bxc5
15. Qe2 Be7 16. Rfd1 Qb6 17. e4 Bb7 18. e5 Nd5 19. Nxd5 Bxd5 20. Bb1 Rfd8 21.
Be4 Bxe4 22. Qxe4 Rxd1+ 23. Rxd1 Rd8 24. Rc1 Bc5 25. Qe2 a5 26. Kf1 Rd5 27. Rc2
Qd8 28. Qxb5 Bb4 29. Qc4 Rxe5 30. Qc8 Rd5 31. Qxd8+ Rxd8 32. Ke2 Kf8 33. Ne5
Rd5 34. Rc8+ Ke7 35. Nc4 h5 36. Ra8 Rc5 37. b3 h4 38. f4 g5 39. Ra7+ Kf6 40. a3
Bc3 41. Nd6 Rc6 42. Ne4+ Kf5 43. Kd3 Bf6 44. Rxf7 e5 45. fxg5 1-0

[Event "IX Floripa Chess Open Fort Atacadista"]
[Site "Florianópolis - Santa Catari"]
[Date "2023.01.27"]
[Round "7.77"]
[White "Delgado, Lidio Dias"]
[Black "Nunes, Agatha Hurba"]
[Result "1-0"]
[WhiteElo "2150"]
[BlackElo "1823"]
[PlyCount "95"]
[EventDate "2023.01.23"]
[EventRounds "10"]
[EventCountry "BRA"]

1. d4 Nf6 2. Nf3 e6 3. c4 d5 4. g3 c6 5. Qc2 dxc4 6. Qxc4 b5 7. Qc2 Bb7 8. Bg2
Nbd7 9. O-O Be7 10. Nc3 O-O 11. Rd1 Qb6 12. Bg5 h6 13. Bh4 g5 14. Bxg5 hxg5 15.
Nxg5 Kg7 16. e4 Rh8 17. Qe2 e5 18. Nf3 Ng4 19. h3 b4 20. Na4 Qa5 21. b3 Ngf6
22. Rac1 Rae8 23. dxe5 Nxe5 24. Nd4 Kf8 25. f4 Ba6 26. Qc2 Nd3 27. Rxd3 Bxd3
28. Qxd3 Rd8 29. Qe3 Qh5 30. Ne2 Qb5 31. Nd4 Qh5 32. Nxc6 Rd1+ 33. Kf2 Rxc1 34.
Qxc1 Nd7 35. e5 Qg6 36. Nd4 Qa6 37. Nf5 Nb6 38. Qc7 Nc8 39. Bb7 Qd3 40. Qxc8+
Bd8 41. Bg2 Rh5 42. Nd6 Qd4+ 43. Ke2 Rxe5+ 44. fxe5 Qxe5+ 45. Ne4 Qb5+ 46. Kf2
Qd3 47. Kg1 Kg7 48. Kh2 1-0

[Event "IX Floripa Chess Open Fort Atacadista"]
[Site "Florianópolis - Santa Catari"]
[Date "2023.01.27"]
[Round "7.78"]
[White "Vargas, Gabriela"]
[Black "Da Rosa, Henrique Jaze Simoe"]
[Result "1/2-1/2"]
[WhiteElo "2145"]
[BlackElo "1838"]
[PlyCount "57"]
[EventDate "2023.01.23"]
[EventRounds "10"]
[EventCountry "BRA"]

1. d4 d5 2. Bg5 f6 3. Bf4 Nc6 4. Nf3 Bg4 5. Nbd2 Nxd4 6. Nxd4 e5 7. h3 Bh5 8.
Ne6 Qd6 9. Nxf8 exf4 10. Nxh7 Rxh7 11. c3 O-O-O 12. Qa4 Kb8 13. O-O-O Ne7 14.
Ne4 Qb6 15. Qa3 Nc6 16. Nc5 g5 17. g4 fxg3 18. fxg3 Re7 19. Bg2 Re5 20. g4 Bg6
21. e3 Qb5 22. Rhe1 Qb6 23. Bf1 Ne7 24. Rd4 Qd6 25. Rb4 b6 26. Rb5 Be8 27. Na6+
Kb7 28. Nc5+ Kb8 29. Na6+ 1/2-1/2

[Event "IX Floripa Chess Open Fort Atacadista"]
[Site "Florianópolis - Santa Catari"]
[Date "2023.01.27"]
[Round "7.79"]
[White "Becker, Rogerio Sperb"]
[Black "Godinho, Bruno Cesar Ferreir"]
[Result "1-0"]
[WhiteElo "2128"]
[BlackElo "1819"]
[PlyCount "81"]
[EventDate "2023.01.23"]
[EventRounds "10"]
[EventCountry "BRA"]

1. d4 Nf6 2. c4 e6 3. Nc3 Bb4 4. a3 Bxc3+ 5. bxc3 O-O 6. f3 d6 7. e4 e5 8. Bd3
c5 9. d5 Nh5 10. Ne2 Qh4+ 11. g3 Qh3 12. Kf2 h6 13. Qf1 Qd7 14. g4 Nf6 15. h4
Nh7 16. Ng3 Qe7 17. Be3 f6 18. Qg2 Na6 19. Rag1 Rf7 20. Qf1 Nc7 21. Rh2 Rb8 22.
Rhg2 b5 23. cxb5 a6 24. a4 axb5 25. axb5 Qe8 26. c4 Ra8 27. Nf5 Bxf5 28. gxf5
Ra2+ 29. Kg3 Rxg2+ 30. Rxg2 Nf8 31. Kh3 Kh7 32. Qa1 g5 33. hxg5 fxg5 34. Kg3
Nd7 35. Rh2 Qg8 36. Kf2 Nf6 37. Qg1 Kg7 38. Qh1 Kf8 39. Rxh6 Qg7 40. Rg6 Qh7
41. Qxh7 1-0

[Event "IX Floripa Chess Open Fort Atacadista"]
[Site "Florianópolis - Santa Catari"]
[Date "2023.01.27"]
[Round "7.80"]
[White "Trevisan, Rodrigo"]
[Black "Casalaspro, Mathias Andre"]
[Result "1-0"]
[WhiteElo "2101"]
[BlackElo "1806"]
[PlyCount "95"]
[EventDate "2023.01.23"]
[EventRounds "10"]
[EventCountry "BRA"]

1. c4 Nf6 2. Nc3 e6 3. d4 Bb4 4. a3 Bxc3+ 5. bxc3 d5 6. Bg5 b6 7. e3 Ba6 8. f3
O-O 9. e4 h6 10. Bh4 dxe4 11. fxe4 g5 12. e5 Ne4 13. Qc2 Bb7 14. Bd3 f5 15.
exf6 Qxf6 16. Nf3 Qf4 17. O-O gxh4 18. Rae1 Nf6 19. Rxe6 Nbd7 20. d5 Nc5 21.
Nd4 Nxe6 22. Rxf4 Nxf4 23. Bf5 Rae8 24. Be6+ Kh8 25. Qf5 Nd7 26. Qg4 Ne5 27.
Qxh4 Kg7 28. Qe1 Neg6 29. Qg3 Bc8 30. h4 Bxe6 31. dxe6 Kh7 32. h5 Ne5 33. Qe3
Nfd3 34. Qe4+ Kh8 35. Qd5 Rf6 36. e7 c5 37. Qd8 Rxd8 38. exd8=Q+ Kg7 39. Qe7+
Rf7 40. Ne6+ Kh7 41. Qe8 a5 42. Nd8 Rg7 43. Kf1 Rg5 44. Qe7+ Rg7 45. Qe6 Rd7
46. Nc6 Rf7+ 47. Kg1 Nxc6 48. Qxc6 1-0

[Event "IX Floripa Chess Open Fort Atacadista"]
[Site "Florianópolis - Santa Catari"]
[Date "2023.01.27"]
[Round "7.81"]
[White "Oviedo Acosta, Paula"]
[Black "Mariano, Marceley Martins"]
[Result "1-0"]
[WhiteElo "1836"]
[BlackElo "2089"]
[PlyCount "94"]
[EventDate "2023.01.23"]
[EventRounds "10"]
[EventCountry "BRA"]

1. e4 c5 2. Nf3 d6 3. d4 cxd4 4. Nxd4 Nf6 5. Nc3 a6 6. Bg5 e6 7. f4 Be7 8. Qf3
Qc7 9. O-O-O Nbd7 10. g4 b5 11. Bxf6 gxf6 12. f5 Ne5 13. Qh3 O-O 14. Nce2 Kh8
15. Nf4 Rg8 16. fxe6 fxe6 17. Nfxe6 Bxe6 18. Nxe6 Qd7 19. Qb3 Rxg4 20. Be2 Rg2
21. Nf4 Rg7 22. Rhf1 f5 23. exf5 Bg5 24. Kb1 Bxf4 25. Rxf4 Rf8 26. Bd3 Rf6 27.
a4 bxa4 28. Rxa4 Nxd3 29. Rxd3 Qxf5 30. Rxa6 Rg8 31. Ra7 Qc5 32. Rxh7+ Kxh7 33.
Rh3+ Rh6 34. Rxh6+ Kxh6 35. Qxg8 d5 36. b3 Qd4 37. Qg3 Qe4 38. Kb2 Qd4+ 39. Qc3
Qe4 40. Qh3+ Kg5 41. Qg3+ Kh6 42. h4 Qd4+ 43. Qc3 Qe4 44. Qf6+ Kh7 45. h5 Qg2
46. Qg6+ Qxg6 47. hxg6+ Kxg6 1-0

[Event "IX Floripa Chess Open Fort Atacadista"]
[Site "Florianópolis - Santa Catari"]
[Date "2023.01.27"]
[Round "7.82"]
[White "Borger, David Lupovici"]
[Black "Dias, Anderson Tatsch"]
[Result "1-0"]
[WhiteElo "1832"]
[BlackElo "2087"]
[PlyCount "91"]
[EventDate "2023.01.23"]
[EventRounds "10"]
[EventCountry "BRA"]

1. e4 c5 2. d4 cxd4 3. c3 Nf6 4. e5 Nd5 5. Qxd4 e6 6. Nf3 Nc6 7. Qg4 f5 8. Qg3
a6 9. Bc4 Nde7 10. O-O Qc7 11. Rd1 Ng6 12. Bf4 Be7 13. h4 O-O 14. Na3 b5 15.
Bb3 Nxf4 16. Qxf4 Bb7 17. Nc2 Na5 18. Ncd4 Nc4 19. Bxc4 Qxc4 20. Qg3 Rac8 21.
Nb3 Qc7 22. h5 Rf7 23. Rd4 Bd5 24. Rad1 Rcf8 25. Rxd5 exd5 26. Rxd5 Qc6 27. Rd1
Bd8 28. Rd6 Qc8 29. Qf4 Bc7 30. Rd1 Re8 31. Nbd4 Qb8 32. Nxf5 Bxe5 33. Qg4 Kh8
34. h6 gxh6 35. Nxe5 Rxe5 36. Nxh6 Rf4 37. Qxd7 Qe8 38. Qxe8+ Rxe8 39. f3 Re2
40. Rd5 Rxb2 41. Rg5 Rf8 42. f4 Rc2 43. f5 Rxc3 44. f6 Rc1+ 45. Kh2 Rf1 46.
Rg8+ 1-0

[Event "IX Floripa Chess Open Fort Atacadista"]
[Site "Florianópolis - Santa Catari"]
[Date "2023.01.27"]
[Round "7.83"]
[White "Madeira, Wagner Martins"]
[Black "Panazzolo, Paulo Victor"]
[Result "1-0"]
[WhiteElo "2080"]
[BlackElo "1788"]
[PlyCount "99"]
[EventDate "2023.01.23"]
[EventRounds "10"]
[EventCountry "BRA"]

1. e4 e5 2. Nf3 Nc6 3. d4 exd4 4. Nxd4 Bc5 5. Nb3 Bb6 6. Nc3 d6 7. Qe2 Be6 8.
Be3 Nf6 9. O-O-O Qe7 10. f3 O-O-O 11. Bxb6 axb6 12. Nd4 Bd7 13. Qf2 Nxd4 14.
Qxd4 Qe5 15. Qxe5 dxe5 16. Bc4 Be6 17. Bxe6+ fxe6 18. Rxd8+ Rxd8 19. Rd1 Rd4
20. Nb5 Rb4 21. Na3 Rd4 22. c3 Rxd1+ 23. Kxd1 Kd8 24. Kd2 Ke7 25. b4 Nd7 26.
Kd3 Nf6 27. Nc4 Nd7 28. a4 Kf6 29. a5 bxa5 30. Nxa5 b6 31. Nc6 g5 32. Kc4 g4
33. Kb5 gxf3 34. gxf3 Kg5 35. Ka6 Nf6 36. Kb7 Ne8 37. Kc8 Kf4 38. Kd7 Kxf3 39.
Kxe8 Kxe4 40. Kd7 Kd3 41. Nxe5+ Kxc3 42. b5 Kd4 43. Kxc7 Kc5 44. Nd7+ Kxb5 45.
Kd6 Kc4 46. Nxb6+ Kd3 47. Kxe6 Ke4 48. Nd5 h5 49. h4 Kf3 50. Kf5 1-0

[Event "IX Floripa Chess Open Fort Atacadista"]
[Site "Florianópolis - Santa Catari"]
[Date "2023.01.27"]
[Round "7.84"]
[White "Pavao, Fabio Biasi"]
[Black "Soares, Joao Carlos T. C."]
[Result "0-1"]
[WhiteElo "1799"]
[BlackElo "2062"]
[PlyCount "73"]
[EventDate "2023.01.23"]
[EventRounds "10"]
[EventCountry "BRA"]

1. Nf3 Nf6 2. c4 g6 3. g3 Bg7 4. Bg2 O-O 5. Nc3 d5 6. cxd5 Nxd5 7. O-O c5 8. d4
Nxc3 9. bxc3 Nc6 10. Bb2 Qa5 11. Qb3 Be6 12. Qa3 Rfd8 13. Qxc5 Qxc5 14. dxc5
Rac8 15. Nd4 Nxd4 16. cxd4 Bxd4 17. Bxd4 Rxd4 18. Rfc1 Rc7 19. Rc2 Kf8 20. Rb2
Rxc5 21. Bxb7 Ra4 22. e4 Rca5 23. Bd5 Bxd5 24. exd5 Rxd5 25. Rc1 Rda5 26. Rc8+
Kg7 27. Rc7 Rxa2 28. Rbb7 a6 29. Rxe7 Rf5 30. f4 a5 31. Re5 Rxe5 32. fxe5 Kf8
33. Ra7 a4 34. h4 a3 35. Kh1 Ke8 36. Kg1 Kf8 37. Kf1 0-1

[Event "IX Floripa Chess Open Fort Atacadista"]
[Site "Florianópolis - Santa Catari"]
[Date "2023.01.27"]
[Round "7.85"]
[White "Bezerra, Wiltemberg Barros"]
[Black "Boff, Lucas Strauss"]
[Result "0-1"]
[WhiteElo "1786"]
[BlackElo "2036"]
[PlyCount "81"]
[EventDate "2023.01.23"]
[EventRounds "10"]
[EventCountry "BRA"]

1. Nf3 Nf6 2. g3 g6 3. Bg2 Bg7 4. O-O d5 5. d3 O-O 6. Nbd2 c5 7. e4 e6 8. Re1
Nc6 9. c3 a5 10. a4 Kh8 11. exd5 exd5 12. Nb3 b6 13. Bg5 Bf5 14. Ne5 Qc7 15.
Nxc6 Qxc6 16. c4 Bg4 17. Qd2 Be6 18. Bh6 Qd7 19. Bxg7+ Kxg7 20. Qc2 Rad8 21.
Re2 Bf5 22. Qc3 d4 23. Qc2 Rfe8 24. Nc1 Bg4 25. f3 Bf5 26. g4 Be6 27. b3 Qd6
28. Re1 Bc8 29. Ne2 Nd7 30. Ng3 Qf4 31. Qf2 Bb7 32. Rad1 Rxe1+ 33. Rxe1 Ne5 34.
Ne2 Qf6 35. g5 Qxg5 36. f4 Qxg2+ 37. Qxg2 Bxg2 38. Kxg2 Nxd3 39. Rd1 Nb4 40.
Kf3 Re8 41. Ng3 0-1

[Event "IX Floripa Chess Open Fort Atacadista"]
[Site "Florianópolis - Santa Catari"]
[Date "2023.01.27"]
[Round "7.86"]
[White "Zabala, Antonio Murara"]
[Black "Lutz, Igor Oscar"]
[Result "0-1"]
[WhiteElo "1761"]
[BlackElo "2022"]
[PlyCount "66"]
[EventDate "2023.01.23"]
[EventRounds "10"]
[EventCountry "BRA"]

1. e4 c5 2. Nf3 Nc6 3. Bb5 d6 4. O-O Nf6 5. Re1 Bd7 6. c3 a6 7. Ba4 b5 8. Bc2
Bg4 9. h3 Bxf3 10. Qxf3 g6 11. a4 Rc8 12. axb5 axb5 13. d3 Bg7 14. Nd2 O-O 15.
Nf1 b4 16. Ne3 bxc3 17. bxc3 Nxe4 18. Qxe4 Bxc3 19. Ba3 Bxa1 20. Rxa1 Qa5 21.
Nc4 Qc3 22. Rc1 Qd4 23. Qe2 Rb8 24. Ba4 Nb4 25. Rd1 Nd5 26. Bb2 Rxb2 27. Qxb2
Nc3 28. Ra1 Ra8 29. Qb7 Ne2+ 30. Kh2 Qxa1 31. Qxa8+ Kg7 32. h4 Qg1+ 33. Kh3
Qxf2 0-1

[Event "IX Floripa Chess Open Fort Atacadista"]
[Site "Florianópolis - Santa Catari"]
[Date "2023.01.27"]
[Round "7.87"]
[White "Miranda Fernandez, Marcos Manuel"]
[Black "De Oliveira, Aquiles Machado"]
[Result "1/2-1/2"]
[WhiteElo "1759"]
[BlackElo "2013"]
[PlyCount "73"]
[EventDate "2023.01.23"]
[EventRounds "10"]
[EventCountry "BRA"]

1. e4 c5 2. Nf3 g6 3. d4 cxd4 4. Nxd4 Nc6 5. c4 Nf6 6. Nc3 d6 7. Be2 Nxd4 8.
Qxd4 Bg7 9. O-O O-O 10. Qd1 Be6 11. Be3 Qa5 12. Rc1 Rfc8 13. b3 a6 14. Bd4 b5
15. Nd5 Bxd5 16. exd5 bxc4 17. Bxc4 Rc7 18. Re1 Rac8 19. Bc3 Qb6 20. Qd2 Qb7
21. Rcd1 Ne8 22. Ba5 Rd7 23. Qd3 Ra8 24. a4 Nf6 25. b4 Qa7 26. h3 Rb7 27. Rc1
Kf8 28. Rc2 Bh6 29. Rce2 Bg7 30. Ra1 Bh6 31. Raa2 Nd7 32. Bxa6 Nc5 33. bxc5
Rb1+ 34. Kh2 Bf4+ 35. g3 Qxa6 36. Qxa6 Rxa6 37. c6 1/2-1/2

[Event "IX Floripa Chess Open Fort Atacadista"]
[Site "Florianópolis - Santa Catari"]
[Date "2023.01.27"]
[Round "7.88"]
[White "Hirano, Enzo Erich Kreutz"]
[Black "Lima, Vinicius Taishun"]
[Result "1/2-1/2"]
[WhiteElo "1741"]
[BlackElo "1997"]
[PlyCount "43"]
[EventDate "2023.01.23"]
[EventRounds "10"]
[EventCountry "BRA"]

1. e4 c5 2. Nf3 d6 3. d4 cxd4 4. Nxd4 Nf6 5. Nc3 Nc6 6. Bg5 e6 7. Qd2 a6 8. f4
Be7 9. O-O-O Bd7 10. Kb1 b5 11. Bxf6 gxf6 12. Nxc6 Bxc6 13. Bd3 Qb6 14. Rhe1
O-O-O 15. Qe3 Qb7 16. Nd5 Rdg8 17. Nxe7+ Qxe7 18. g3 Kb8 19. Qb6+ Qb7 20. Qd4
Qe7 21. Qb6+ Qb7 22. Qd4 1/2-1/2

[Event "IX Floripa Chess Open Fort Atacadista"]
[Site "Florianópolis - Santa Catari"]
[Date "2023.01.27"]
[Round "7.89"]
[White "Mendez Machado, Andre"]
[Black "Lazzarotti, Calebe Kadlubiski"]
[Result "1-0"]
[WhiteElo "1986"]
[BlackElo "1801"]
[PlyCount "135"]
[EventDate "2023.01.23"]
[EventRounds "10"]
[EventCountry "BRA"]

1. e4 e6 2. d4 d5 3. Nd2 dxe4 4. Nxe4 Nd7 5. Nf3 Ngf6 6. Nxf6+ gxf6 7. Be3 Rg8
8. Qd3 f5 9. O-O-O Nf6 10. Kb1 b6 11. Ne5 Bd6 12. Qc3 Bd7 13. Ba6 Rb8 14. Nxd7
Qxd7 15. Be2 Ke7 16. Bf3 Qb5 17. Bc6 Qa6 18. a4 Ne4 19. Qb3 Rxg2 20. h4 Rgg8
21. f3 Ng3 22. Rhe1 f4 23. Bc1 Ne2 24. Bb5 Nxc1 25. Kxc1 Qb7 26. Bc4 Rbe8 27.
d5 e5 28. Qd3 Rg7 29. Ba6 Qb8 30. Qf5 Reg8 31. Qxf4 Qd8 32. Qh6 Qd7 33. Bb5 Qf5
34. Bd3 Qf6 35. Qh5 h6 36. Kb1 Kd8 37. Bf5 Rg2 38. Re4 Rh2 39. Rg4 Rxg4 40.
Qxg4 Rxh4 41. Qg8+ Ke7 42. Bd3 Qg5 43. Qc8 Rf4 44. Bb5 Kf6 45. Qh8+ Ke7 46.
Qe8+ Kf6 47. Qh8+ Ke7 48. Rh1 Rh4 49. Qe8+ Kf6 50. Qh8+ Ke7 51. Rxh4 Qxh4 52.
Qe8+ Kf6 53. Qd8+ Be7 54. Qxc7 Qe1+ 55. Ka2 Qb4 56. Qb8 Qd6 57. Qh8+ Kg5 58.
Qg7+ Kf4 59. Qg4+ Ke3 60. Qg1+ Kf4 61. Qc1+ Kg3 62. Qg1+ Kf4 63. Qg4+ Ke3 64.
Bc4 Qb4 65. Qe4+ Kf2 66. Qe2+ Kg3 67. Qxe5+ Kh4 68. Qf4+ 1-0

[Event "IX Floripa Chess Open Fort Atacadista"]
[Site "Florianópolis - Santa Catari"]
[Date "2023.01.27"]
[Round "7.90"]
[White "Pereira, Marcelo Do Carmo"]
[Black "Da Silva, Luiz Matheus"]
[Result "0-1"]
[WhiteElo "1733"]
[BlackElo "1986"]
[PlyCount "76"]
[EventDate "2023.01.23"]
[EventRounds "10"]
[EventCountry "BRA"]

1. e4 c5 2. Nf3 Nc6 3. d4 cxd4 4. Nxd4 g6 5. Nc3 Bg7 6. Be3 Nf6 7. f4 d5 8. Bb5
Bd7 9. e5 Ng4 10. Bg1 Nxd4 11. Bxd4 Bxb5 12. Qxg4 Bd7 13. Qf3 e6 14. O-O-O b5
15. g4 Rc8 16. f5 b4 17. Nb1 Qc7 18. Rd2 Bxe5 19. Bxe5 Qxe5 20. Re2 Qd6 21. Rd1
O-O 22. f6 Rc4 23. Rf1 Rfc8 24. b3 R4c5 25. Rff2 Ra5 26. Qe3 Rxa2 27. h4 d4 28.
Qh6 Qf8 29. Qf4 d3 30. Rd2 dxc2 31. Rxc2 Raxc2+ 32. Rxc2 Rxc2+ 33. Kxc2 a5 34.
Kb2 Qc5 35. Qb8+ Bc8 36. Qf4 e5 37. Qe4 Be6 38. h5 Qd4+ 0-1

[Event "IX Floripa Chess Open Fort Atacadista"]
[Site "Florianópolis - Santa Catari"]
[Date "2023.01.27"]
[Round "7.91"]
[White "Nascimento, Pedro Henrique Alve"]
[Black "Encina, Adrian Andres"]
[Result "1-0"]
[WhiteElo "1978"]
[BlackElo "1787"]
[PlyCount "99"]
[EventDate "2023.01.23"]
[EventRounds "10"]
[EventCountry "BRA"]

1. d4 Nf6 2. c4 e6 3. Nc3 d5 4. cxd5 exd5 5. Bg5 c6 6. Qc2 Bd6 7. e3 O-O 8. Bd3
h6 9. Bh4 Re8 10. Nf3 Be6 11. O-O Nbd7 12. Rab1 a5 13. a3 b5 14. h3 g5 15. Bg3
Bxg3 16. fxg3 Qc7 17. g4 b4 18. Na4 Bxg4 19. hxg4 Nxg4 20. Rfe1 Nxe3 21. Qd2
Qf4 22. Re2 g4 23. Nh4 g3 24. Nf5 Nf6 25. Rxe3 Re4 26. Rxg3+ Kf8 27. Qxf4 Rxf4
28. Rf1 Rxf1+ 29. Kxf1 h5 30. Rf3 Rb8 31. Nc5 bxa3 32. bxa3 Rb2 33. Rf2 Rb6 34.
Nh6 Kg7 35. Rxf6 Rb8 36. Rxc6 h4 37. Nf5+ Kh8 38. Nxh4 a4 39. Rd6 Kg7 40. Rxd5
f6 41. Nf3 Kh6 42. g4 Kg7 43. Rd7+ Kh8 44. d5 f5 45. Bxf5 Rb2 46. d6 Ra2 47.
Ra7 Ra1+ 48. Kg2 Ra2+ 49. Kg3 Rb2 50. d7 1-0

[Event "IX Floripa Chess Open Fort Atacadista"]
[Site "Florianópolis - Santa Catari"]
[Date "2023.01.27"]
[Round "7.92"]
[White "Dubrovich, Igor"]
[Black "Fischer Junior, Donaldo"]
[Result "1-0"]
[WhiteElo "1962"]
[BlackElo "1763"]
[PlyCount "71"]
[EventDate "2023.01.23"]
[EventRounds "10"]
[EventCountry "BRA"]

1. e4 c5 2. Nf3 Nc6 3. d4 cxd4 4. Nxd4 g6 5. c4 Bg7 6. Be3 Nf6 7. Nc3 d6 8. Be2
O-O 9. O-O a6 10. h3 Bd7 11. Qc2 Ng4 12. Bxg4 Nxd4 13. Bxd4 Bxd4 14. Bxd7 Bxc3
15. Qxc3 Qxd7 16. Rad1 Qc6 17. Rd5 Rac8 18. Rc1 Rfd8 19. Qd2 b5 20. c5 Qc7 21.
b4 e6 22. Rd4 dxc5 23. bxc5 Rxd4 24. Qxd4 Rd8 25. Qf6 Rd2 26. c6 a5 27. Qg5
Rxa2 28. Qxb5 a4 29. g3 Qa7 30. Qc5 Qc7 31. Rb1 a3 32. Rb7 Qc8 33. c7 Rb2 34.
Ra7 a2 35. Kg2 Rb7 36. Rxb7 1-0